[Event "Euskadi-ch U18"]
[Site "Eibar"]
[Date "2016.03.31"]
[Round "4.4"]
[White "Mendieta Gomez, Andres"]
[Black "Zuloaga Erauskin, Markel"]
[Result "0-1"]
[WhiteElo "1355"]
[BlackElo "1827"]
[PlyCount "38"]
[EventDate "2016.03.29"]
[EventType "tourn"]
[EventRounds "9"]
[EventCountry "ESP"]
[SourceTitle "EXT 2024"]
[Source "ChessBase"]
[SourceDate "2023.10.10"]
[SourceVersion "1"]
[SourceVersionDate "2023.10.10"]
[SourceQuality "1"]

1. e4 e6 2. d4 d5 3. e5 c5 4. c3 Qb6 5. Nf3 Nc6 6. Bd3 Bd7 7. 0-0 cxd4 8. cxd4 Nxd4 9. Nxd4 Qxd4 10. Nc3 h6 11. Qf3 Ne7 12. Rd1 Qb6 13. b3 Ng6 14. Qg3 Bc5 15. Na4 Bxa4 16. bxa4 0-0 17. Rb1 Qc7 18. Bd2 Bd4 19. Bf4 Bxf2+ 0-1